Empire : a tale of obsession, betrayal, and the battle for an American icon (Record no. 320939)
[ view plain ]
| 000 -LEADER | |
|---|---|
| fixed length control field | 00444 a2200157 4500 |
| 001 - CONTROL NUMBER | |
| control field | 85866 |
| 003 - CONTROL NUMBER IDENTIFIER | |
| control field | NUST |
| 005 - DATE AND TIME OF LATEST TRANSACTION | |
| control field | 20180121120810.0 |
| 008 - FIXED-LENGTH DATA ELEMENTS--GENERAL INFORMATION | |
| fixed length control field | 180121b xxu||||| |||| 00| 0 eng d |
| 020 ## - INTERNATIONAL STANDARD BOOK NUMBER | |
| International Standard Book Number | 0471403946 |
| 082 ## - DEWEY DECIMAL CLASSIFICATION NUMBER | |
| Classification number | 333.33873 PAC |
| 100 ## - MAIN ENTRY--PERSONAL NAME | |
| Personal name | Mitchell Pacelle |
| 9 (RLIN) | 9349 |
| 245 ## - TITLE STATEMENT | |
| Title | Empire : a tale of obsession, betrayal, and the battle for an American icon |
| Medium | English |
| 250 ## - EDITION STATEMENT | |
| Edition statement | 1st |
| 260 ## - PUBLICATION, DISTRIBUTION, ETC. | |
| Place of publication, distribution, etc. | New York |
| Name of publisher, distributor, etc. | John Wiley |
| Date of publication, distribution, etc. | 2001 |
| 300 ## - PHYSICAL DESCRIPTION | |
| Extent | viii, 344 p. |
| 500 ## - GENERAL NOTE | |
| General note | Gifted By AM Masood Akhtar |
| 942 ## - ADDED ENTRY ELEMENTS (KOHA) | |
| Institution code [OBSOLETE] | caenust |
| Koha item type | Book |
| Call number prefix | 333.33873 PAC |
| Source of classification or shelving scheme | |
| Withdrawn status | Lost status | Damaged status | Not for loan | Collection code | Permanent Location | Current Location | Date acquired | Total Checkouts | Full call number | Barcode | Date last seen | Price effective from | Koha item type |
|---|---|---|---|---|---|---|---|---|---|---|---|---|---|
| College of Aeronautical Engineering (CAE) | College of Aeronautical Engineering (CAE) | 04/03/2017 | 333.33873 PAC | CAEG-9816 | 04/05/2017 | 04/05/2017 | Book |
